[Event "Coria del Rio op 11th"]
[Site "Coria del Rio"]
[Date "2005.02.16"]
[Round "7"]
[White "Razmyslov, Alexander"]
[Black "Caballero Garcia, Lucas"]
[Result "1-0"]
[WhiteElo "2307"]
[BlackElo "1949"]
[PlyCount "161"]
[EventDate "2005.02.10"]
[EventType "swiss"]
[EventRounds "9"]
[EventCountry "ESP"]
[SourceTitle "CBM 104 Extra"]
[Source "ChessBase"]
[SourceDate "2005.03.01"]
[SourceVersion "1"]
[SourceVersionDate "2005.03.01"]
[SourceQuality "1"]

1. e4 e6 2. d4 d5 3. Nc3 Nf6 4. e5 Nfd7 5. f4 c5 6. Nf3 Nc6 7. Be3 Qa5 8. Be2 cxd4 9. Nxd4 a6 10. Nb3 Qc7 11. a4 Bb4 12. 0-0 Na5 13. Nxa5 Bxa5 14. Kh1 Nb6 15. Bd4 Bd7 16. Rf3 Nc4 17. b3 Nb6 18. Qg1 Nc8 19. Rb1 Bb6 20. Bxb6 Qxb6 21. Qc1 Ne7 22. Bd3 Rc8 23. Na2 Bc6 24. Qa3 h5 25. a5 Qc7 26. Kg1 b5 27. axb6 Qxb6+ 28. Kh1 Bb7 29. Qa4+ Qc6 30. Qd4 Qc5 31. Qa4+ Qc6 32. Nb4 Qxa4 33. bxa4 0-0 34. Rf2 a5 35. Na2 Rc7 36. Nc1 Re8 37. Nb3 Nc6 38. c3 h4 39. Kg1 Ba8 40. Rc2 Rb8 41. Rcc1 Rcb7 42. Nd4 Rxb1 43. Rxb1 Rxb1+ 44. Bxb1 Nxd4 45. cxd4 Bc6 46. Bc2 f6 47. exf6 gxf6 48. Kf2 f5 49. Ke3 Kg7 50. Kd3 Kg6 51. Kc3 Kh5 52. Bd1+ Kg6 53. Kb3 Kf6 54. Be2 Bd7 55. Bb5 Bc8 56. Kc3 Kg6 57. Kd2 Kh5 58. Ke3 Kg6 59. Kf2 Kf6 60. h3 Kg6 61. g3 hxg3+ 62. Kxg3 Kf6 63. Kh4 Kg6 64. Bc6 Ba6 65. Be8+ Kh6 66. Bf7 Bd3 67. Bxe6 Be4 68. Kg3 Kh5 69. Bf7+ Kh6 70. h4 Bh1 71. h5 Be4 72. Kh3 Bc2 73. Be8 Bd1 74. Kh4 Bc2 75. Bd7 Bd1 76. Bxf5 Bxa4 77. Bg6 Bd7 78. f5 a4 79. f6 Be6 80. f7 Kg7 81. h6+ 1-0